000 00529nam a22002177a 4500
003 UA-OsUOA
001 59786
007 ta
008 20090427b un ||||| |||| 00| 0 ukr d
100 _aВолгін М.
090 _a94(477)
_bВ67
942 _cSA
040 _aUA-OsUOA
_bukr
_cUA-OsUOA
_dUA-OsUOA
245 _aМазепа на Берестові
300 _aС.8
955 _a0
041 _aukr
080 _a94(477)
773 0 _w59783
650 7 _a9 Географія. Біографії. Історія
_2UDC
999 _c345866
_d345866